Statistics for Car Company Insignia by Description

Click here to take the quiz!

General Stats

  • This quiz has been taken 1,451 times
    (1,450 since last reset)
  • The average score is 6 of 9

Answer Stats

Hint Answer % Correct
Letter H inside a rectangleHonda
93%
Italicized H inside OvalHyundai
90%
Blue Oval with the Company's name in it.Ford
85%
Letter B inside a Circle with Wings on the OutsideBentley
76%
Oval with another Vertical Oval inside and another at the TopToyota
75%
Gold horizontal parallelogram intersecting a vertical gold RectangleChevrolet
54%
Three conjoined Triangles inside a CircleMercedes-Benz
43%
Red rectangle with the Company's name inside a circleFiat
27%
Oval opening to a Triangle doing down the MiddleInfiniti
21%

Score Distribution

Percentile by Number Answered

Percent of People with Each Score

Your Score History

You have not taken this quiz since the last reset